Central Library OPAC University of Rajshahi

Poems from Iqbal / (Record no. 86591)

MARC details
000 -LEADER
fixed length control field 00662nam a2200241 a 4500
001 - CONTROL NUMBER
control field 86591
003 - CONTROL NUMBER IDENTIFIER
rucl marc code BD-RjUL
005 - DATE AND TIME OF LATEST TRANSACTION
control field 20260625120229.0
008 - FIXED-LENGTH DATA ELEMENTS--GENERAL INFORMATION
fixed length control field 260625s1955 enk||||| |||| 00| 0 eng d
035 ## - SYSTEM CONTROL NUMBER
System control number (BD-RjUL)86591
040 ## - CATALOGING SOURCE
Original cataloging agency BD-RjUL
Language of cataloging eng
Transcribing agency BD-RjUL
041 ## - LANGUAGE CODE
Language code of text/sound track or separate title eng
082 ## - DEWEY DECIMAL CLASSIFICATION NUMBER
Edition number 23
Classification number 891.4391
Author mark and year IQP 1955
100 ## - MAIN ENTRY--PERSONAL NAME
Personal name Iqbal, Muhammad
9 (RLIN) 18708
245 ## - TITLE STATEMENT
Title Poems from Iqbal /
Statement of responsibility, etc. Translated by V. G. Kiernan.
260 ## - PUBLICATION, DISTRIBUTION, ETC. (IMPRINT)
Place of publication, distribution, etc. London :
Name of publisher, distributor, etc. John Murray,
Date of publication, distribution, etc. 1955
300 ## - PHYSICAL DESCRIPTION
Pagination 112 p.;
Size 17 cm.
490 ## - SERIES STATEMENT
Series statement The Wisdom of the East
650 ## - SUBJECT ADDED ENTRY--TOPICAL TERM
Topical term or geographic name as entry element Urdu poetry
700 ## - ADDED ENTRY--PERSONAL NAME
Personal name Kiernan, V. G.
830 ## - SERIES ADDED ENTRY--UNIFORM TITLE
Uniform title The Wisdom of the East
942 ## - ADDED ENTRY ELEMENTS (KOHA)
Source of classification or shelving scheme Dewey Decimal Classification
Koha item type Books
Holdings
Lost status Source of classification or shelving scheme Damaged status Not for loan Collection code Permanent Location Current Location Shelving location Date acquired Source of acquisition Total Checkouts Full call number Date last seen Copy number Koha item type Cost, normal purchase price
  Dewey Decimal Classification   Not For Loan Non-fiction Central Library, University of Rajshahi Central Library, University of Rajshahi Reading Room 18/01/1958 Simpkin marshall   891.4391 IQP 1955 25/06/2026 C-1 Books  
  Dewey Decimal Classification     Non-fiction Central Library, University of Rajshahi Central Library, University of Rajshahi General Stacks 25/02/1967 Feroz Sons   891.4391 IQP 1955 25/06/2026 C-2 Books 4.50
  Dewey Decimal Classification     Non-fiction Central Library, University of Rajshahi Central Library, University of Rajshahi General Stacks 25/02/1967 Feroz Sons   891.4391 IQP 1955 25/06/2026 C-3 Books 4.50
  Dewey Decimal Classification     Non-fiction Central Library, University of Rajshahi Central Library, University of Rajshahi General Stacks 23/05/1957     891.4391 IQP 1955 25/06/2026 C-4 Books 4.14
  Dewey Decimal Classification     Non-fiction Central Library, University of Rajshahi Central Library, University of Rajshahi General Stacks 25/06/2026 O.U.P.   891.4391 IQP 1955 25/06/2026 C-5 Books 4.14